000 00479nam a22001817a 4500
003 OSt
005 20260317013231.0
008 260317b |||||||| |||| 00| 0 eng d
020 _a0-671-73166-1.
040 _aDWCL Main lib
_cOC
082 _aFic. M649d 1992
100 _aMiller, Linda Lael
245 _aDaniel's bride
_cLinda Lael Miller
260 _aNew York :
_bPocket Books,
_cc1992.
300 _a376 p. ;
_c17 cm.
650 _aFiction.
942 _2ddc
_cFIC.
_kFic.
_n0
999 _c9195
_d9195